A history of medical psychology/ (Record no. 1445)
[ view plain ]
| 000 -LEADER | |
|---|---|
| fixed length control field | 00427nam a2200157 a 4500 |
| 005 - DATE AND TIME OF LATEST TRANSACTION | |
| control field | 20260322212100.0 |
| 008 - FIXED-LENGTH DATA ELEMENTS--GENERAL INFORMATION | |
| fixed length control field | data |
| 096 ## - LOCALLY ASSIGNED NLM-TYPE CALL NUMBER (OCLC) | |
| Classification number | WM 11 Z69h 1941 |
| 001 - CONTROL NUMBER | |
| control field | data |
| 100 1# - MAIN ENTRY--PERSONAL NAME | |
| Personal name | Zilboorg, Gregory |
| 245 12 - TITLE STATEMENT | |
| Title | A history of medical psychology/ |
| Statement of responsibility, etc. | Gregory Zilboorg & George William Henry. |
| 260 ## - PUBLICATION, DISTRIBUTION, ETC. | |
| Place of publication, distribution, etc. | New York |
| Name of publisher, distributor, etc. | W.W. Norton & Co. |
| Date of publication, distribution, etc. | c1941 |
| 300 ## - PHYSICAL DESCRIPTION | |
| Extent | 606 p. |
| 650 02 - SUBJECT ADDED ENTRY--TOPICAL TERM | |
| Topical term or geographic name entry element | Mental Disorders |
| General subdivision | history |
| 700 1# - ADDED ENTRY--PERSONAL NAME | |
| Personal name | Henry, George William |
| Withdrawn status | Lost status | Damaged status | Not for loan | Home library | Current library | Shelving location | Date acquired | Total checkouts | Full call number | Barcode | Date last seen | Price effective from | Koha item type |
|---|---|---|---|---|---|---|---|---|---|---|---|---|---|
| Centerville | Centerville | General stacks | 22/03/2026 | GEN | BC0011492 | 22/03/2026 | 22/03/2026 | Books |